Estaciones de Transmilenio - Bogotá, Colombia - Estadísticas

Estadísticas generales
  • Esta prueba ha sido intentada 861 veces
    99 desde el último reinicio
  • La puntuación promedio es 92 de 148
Respuestas en el mapa
Las respuestas están codificadas por una escala verde-roja en el mapa de la prueba según el % correcto abajo.
 
Estadísticas de respuestas
Respuesta % Correcto
Avenida Eldorado
89%
Héroes - Colmena Seguros
89%
Portal Eldorado
89%
Portal Norte - Unicervantes
89%
Suba Calle 100
87%
Alcalá - Colegio Santo Tomás Dominicos
84%
Calle 100 - Marketmedios
84%
Flores - Areandina
84%
Portal 80
84%
Portal Américas
84%
Toberín - Foundever
84%
Calle 45 (Cerrada Temporalmente)
82%
Pepe Sierra
82%
Portal Suba
82%
Portal Usme
82%
Universidades - CityU
82%
Universidad Nacional
82%
Avenida Boyacá
80%
Calle 127 - L'Oreal Paris
80%
Ricaurte
80%
Suba Avenida Boyacá
80%
Temporal - Marly
80%
Terminal
80%
CAD
78%
Campin - UAN
78%
Las Aguas - Centro Colombo Americano
78%
Movistar Arena
78%
Niza - Calle 127
78%
Portal Sur - JFK Cooperativa Financiera
78%
Portal Tunal
78%
Temporal - Av. Jiménez
78%
Calle 106 - Maletas Explora
76%
Calle 142
76%
Calle 26
76%
Corferias
76%
Museo Nacional - FNG
76%
Paloquemao
76%
Virrey
76%
Banderas
73%
Calle 63 (Cerrada Temporalmente)
73%
Calle 85 - Gato Dumas
73%
Escuela Militar
73%
Mazurén
73%
Museo del Oro
73%
Polo - FINCOMERCIO
73%
Avenida Chile
71%
Biblioteca
71%
Calle 76
71%
Guatoque - Veraguas
71%
Portal 20 de Julio
71%
Prado
71%
Temporal - Calle 22
71%
Temporal - Calle 34
71%
Calle 146
69%
Calle 161
69%
Ciudad Universitaria - Lotería de Bogotá
69%
La Castellana
69%
Las Nieves
69%
Salitre - El Greco - Vive Claro
69%
San Diego
69%
Temporal - Calle 57
69%
Avenida Rojas - UNISALESIANA
67%
Calle 187
67%
Calle 72 (Cerrada Temporalmente)
67%
7 de Agosto
64%
Calle 19 (Cerrada Temporalmente)
64%
CAN - British Council
64%
Centro Memoria
64%
El Tiempo - Camara de Comercio de Bogotá
64%
Gobernación
64%
Minuto de Dios
64%
Modelia
64%
Temporal - Avenida 39
64%
Avenida Suba Calle 116
62%
Distrito Grafiti
62%
Normandía
62%
NQS Calle 75
62%
Policarpa
62%
San Mateo
62%
San Victorino
62%
21 Ángeles
60%
Alquería
60%
Bicentenario
60%
Concejo de Bogotá
60%
Restrepo
60%
Mandalay
58%
Parque
58%
Santa Isabel
58%
Tercer Milenio (Cerrada Temporalmente)
58%
Bosa
56%
Comuneros
56%
General Santander
56%
Granja - Carrera 77
56%
León XIII
56%
Marsella
56%
Quinta Paredes
56%
San Façón
56%
Tygua - San José
56%
Venecia
56%
De la Sabana
53%
Humedal Córdoba
53%
Quiroga
53%
San Bernardo
53%
SENA (Cerrada Temporalmente)
53%
Patio Bonito (Cerrada Temporalmente)
51%
Terreros - Hospital C.V.
51%
Biblioteca Tintal
49%
C.C. Paseo Villa del Rio - Madelena
49%
Nariño
49%
Avenida 68
47%
Avenida Cali
47%
Fucha
47%
Hortúa
47%
Hospital
47%
La Despensa
47%
Olaya
47%
Puentelargo
47%
Quirigua
47%
Rionegro
47%
San Martín
47%
Carrera 43 - COMAPAN
44%
Carrera 47
44%
Ciudad Jardín - UAN
44%
Molinos
44%
Perdomo
44%
Sevillana
44%
Avenida Primero de Mayo
42%
Carrera 53
42%
Country Sur
42%
La Campiña
42%
Pradera - Plaza Central
42%
Socorro
42%
Suba Calle 95
42%
Suba - TV 91
42%
Transversal 86
42%
Calle 40 Sur
40%
Consuelo
40%
Danubio
40%
Ferias
40%
Gratamira
40%
Puente Aranda
40%
Zona Industrial
40%
Carrera 90
38%
NQS Calle 38 A Sur
38%
NQS Calle 30 Sur
36%
Santa Lucía
36%
CDS - Carrera 32
31%
Américas - Avenida Boyacá
29%
No se encontraron pruebas coincidentes
Distribución de puntuación
Porcentaje de gente con cada puntuación
Porcentaje por número respondido
Historial de tus puntuaciones
No has intentado esta prueba desde el último reinicio